Φορτώνει......

Varane thedi /

Λεπτομέρειες βιβλιογραφικής εγγραφής
Κύριος συγγραφέας: Sathendra, Sarth .
Μορφή: Printed Book
Γλώσσα:Malayalam
Έκδοση: Kottayam : Vidyarthi Mithram Book Depo , 1965.
LEADER 00554cam a2200181ua 4500
020 |c 2.25 
041 |a mal 
082 |a 894.8127  |b SAT/VA 
100 |a Sathendra, Sarth . 
245 |a Varane thedi /   |c Sathendra Sarth.  |h Textual Documents 
260 |a Kottayam :   |b Vidyarthi Mithram Book Depo ,   |c 1965. 
300 |a 169 ; . 
365 |a 2.25 
504
541 |e 8703   |h 2.25 
942 |c BK 
999 |c 33387  |d 33387 
952 |0 0  |1 0  |4 0  |6 894_812700000000000  |7 0  |9 43866  |a KAUAET  |b KAUAET  |d 2012-04-07  |m 0  |o 894.8127  |p KAU_KCAET-8703   |r 2012-04-07  |w 2012-04-07  |y BK